000 00475cam a2200145 4500500
005 20251012012147.0
041 _afre
042 _adc
100 1 0 _aN’Diaye, Aïda
_eauthor
245 0 0 _aLe travail nous fait-il perdre notre temps ?
260 _c2021.
500 _a71
786 0 _nPhilosophie magazine | 149 | 5 | 2021-05-01 | p. 71-71 | 1951-1787
856 4 1 _uhttps://shs.cairn.info/magazine-philosophie-magazine-2021-5-page-71?lang=fr&redirect-ssocas=7080
999 _c1525708
_d1525708